000 00428nam a2200157 i 4500
001 96387
003 ES-MaACL
005 20230906181914.0
007 t|
008 050616s1963 sp ||||1| spa d
100 1 _aMaicas, Victor.
_975555
245 1 0 _aDías y sueños
_b: relatos /
_cVictor Maicas.
260 _aValencia :
_bFomento de Cultura,
_c1963.
300 _a201 p. ;
_c20 cm.
852 _aES-MaACL
_jC-23266
_bR.51770
999 _c96387
_d96387